Analýza spôsobilosti strojov dodržať stanovené tolerancie vo firme ZF Slovakia, a.s.

Uložené v:
Podrobná bibliografia
Hlavný autor: Čierny, Daniel (Autor)
Ďalší autori: Linczényi, Alexander (Vedúci práce)
Médium: Rukopis Kniha
Jazyk:Slovak
Vydavateľské údaje: 2016
Predmet:
On-line prístup:http://is.stuba.sk/zp/portal_zp.pl?podrobnosti=101996
Tagy: Pridať tag
Žiadne tagy, Buďte prvý, kto otaguje tento záznam!

MARC

LEADER 00000ntm a22000003a 4500
001 stuzp57887
003 SK-STU
005 20160719155408.3
007 ta
008 150427s2015----xo-----f-mn---000-0-slo-d
040 |a STU  |b slo 
041 0 |a slo 
100 1 |a Čierny, Daniel  |u 064000  |4 aut  |U MTF Materiálovotechnologická fakulta  |T MTF Ústav priemyselného inžinierstva a manažmentu  |X 57652  |U M4000  |Y 84  |7 57652 
242 0 1 |a Capabilty study of machines to comply with set tolerancies in the company ZF Slovakia a.s.  |y eng 
245 1 0 |a Analýza spôsobilosti strojov dodržať stanovené tolerancie vo firme ZF Slovakia, a.s. 
260 |c 2016 
650 4 |a kvalita  |2 slo 
650 4 |a riadenie kvality  |2 slo 
650 4 |a výrobné zariadenie  |2 slo 
650 4 |a quality  |2 eng 
650 4 |a quality control  |2 eng 
650 4 |a production facilities  |2 eng 
700 1 |a Linczényi, Alexander  |4 ths  |X 3055  |7 A000003055 
856 4 |u http://is.stuba.sk/zp/portal_zp.pl?podrobnosti=101996 
996 |c M* BP-7725  |l MMSKP  |s P  |a 0  |w stuzp57887_0001 
SQL |a stuzp57887  |b DBP  |c SLO  |d Analýza spôsobilosti strojov dodržať stanovené tolerancie vo firme ZF Slovakia, a.s.  |e 57652  |f Čierny, Daniel  |g 064000  |h 3055  |i Linczényi, Alexander  |j 20160628  |k 171  |l 06  |m http://is.stuba.sk/zp/portal_zp.pl?podrobnosti=101996  |n B-KPR  |o 5.2.57. kvalita produkcie